000 00996nam a22002057a 4500
003 OSt
005 20220107122852.0
008 190705b xxu||||| |||| 00| 0 eng d
040 _cIIITMK
100 _aPallavi Das (92217018)
_916075
245 _aChatbot for websites
300 _aMSC DA 2017-2019
500 _aThe project aims at creating a Smart AI digital assistant web plugin with inbuilt natural language processing functionalities for user interactions and conversation based on website content. It is a Self-learning AI chat bot using NLP and some Machine Learning-based approaches which reads all the data provided in the website by giving just a website URL and chat to the user according to the scrapped information without human intervention.
502 _bMSC DA
_c2017-2019
_dINT
_eDr Manoj Kumar T K
650 _aNATURAL LANGUAGE PROCESSING
_916076
650 _aAI CHATBOT
_916077
650 _aWEB SCRAPPING
_916078
651 _aMACHINE LEARNING
_916079
942 _2ddc
_cPR
999 _c6547
_d6547